Beste Drama Serie Emmys (ab 2000) - Statistiken

Allgemein
  • Dieses Quiz wurde 42 mal gespielt
    20 seit der letzten Aktualisierung
  • Das Durchschnittsergebnis liegt bei 8 aus 23
Antwortstatistiken
Jahr Gewinner % Korrekt
2014 Breaking Bad
82%
2013 Breaking Bad
82%
2019 Game of Thrones
71%
2018 Game of Thrones
71%
2016 Game of Thrones
71%
2015 Game of Thrones
71%
2007 The Sopranos
59%
2004 The Sopranos
59%
2005 Lost
47%
2011 Mad Men
29%
2010 Mad Men
29%
2009 Mad Men
29%
2008 Mad Men
29%
2021 The Crown
29%
2022 Succession
24%
2020 Succession
24%
2006 24
6%
2012 Homeland
6%
2017 The Handmaid’s Tale
6%
2003 The West Wing
6%
2002 The West Wing
6%
2001 The West Wing
6%
2000 The West Wing
6%
Keine übereinstimmenden Quizze gefunden
Verteilung der Resultate
Anzahl Personen mit jedem Resultat
Perzentil nach korrekt beantworteten Fragen
Ihre Resultats-Entwicklung
Sie haben dieses Quiz seit der letzten Aktualisierung nicht gespielt